[Event "Tambov Korensky Memorial 27th"]
[Site "Tambov"]
[Date "2018.08.16"]
[Round "6"]
[White "Geranichev, Mikhail"]
[Black "Agapov, Yury N"]
[Result "1/2-1/2"]
[WhiteElo "2030"]
[BlackElo "1964"]
[PlyCount "39"]
[EventDate "2018.08.11"]
[EventType "swiss"]
[EventRounds "9"]
[EventCountry "RUS"]
[SourceTitle "CBM 186 Extra"]
[Source "ChessBase"]
[SourceDate "2018.08.24"]
[SourceVersion "1"]
[SourceVersionDate "2018.08.24"]
[SourceQuality "1"]

1. Nf3 Nf6 2. g3 g6 3. Bg2 Bg7 4. 0-0 d5 5. d3 c5 6. Nbd2 Nc6 7. e4 0-0 8. c3 e5 9. Re1 d4 10. c4 h6 11. a3 a5 12. Rb1 a4 13. Nf1 Re8 14. Bd2 Bd7 15. b4 axb3 16. Qxb3 Na5 17. Qb6 Qxb6 18. Rxb6 Bc6 19. Reb1 Nd7 20. R6b2 1/2-1/2

[Event "Tambov Korensky Memorial 27th"]
[Site "Tambov"]
[Date "2018.08.11"]
[Round "1"]
[White "Maneluk, Daniil"]
[Black "Agapov, Yury N"]
[Result "1/2-1/2"]
[WhiteElo "2156"]
[BlackElo "1964"]
[PlyCount "106"]
[EventDate "2018.08.11"]
[EventType "swiss"]
[EventRounds "9"]
[EventCountry "RUS"]
[SourceTitle "CBM 186 Extra"]
[Source "ChessBase"]
[SourceDate "2018.08.24"]
[SourceVersion "1"]
[SourceVersionDate "2018.08.24"]
[SourceQuality "1"]

1. e4 c5 2. Nf3 d6 3. d4 cxd4 4. Nxd4 Nf6 5. Nc3 a6 6. f3 Qc7 7. Be3 e6 8. Qd2 Be7 9. 0-0-0 b5 10. g4 b4 11. Nce2 Nbd7 12. g5 Nh5 13. Bh3 Ne5 14. Bg4 Nc4 15. Qd3 g6 16. Bxh5 gxh5 17. f4 Bd7 18. Bf2 a5 19. b3 Na3 20. Kb2 Rc8 21. c4 a4 22. Be3 axb3 23. axb3 0-0 24. f5 Rfd8 25. Rhg1 d5 26. exd5 exd5 27. g6 dxc4 28. gxf7+ Kxf7 29. Qe4 Bf6 30. Qd5+ Ke7 31. Bf4 Qc5 32. Qe4+ Kf7 33. Bg5 Re8 34. Qh4 Rxe2+ 35. Ka1 Nc2+ 36. Kb1 Bxf5 37. Nxc2 Rxc2 38. Rd7+ Bxd7 39. Qxh5+ Ke6 40. Re1+ Kd6 41. Rd1+ Bd4 42. Kxc2 Bf5+ 43. Kd2 Be3+ 44. Bxe3 Qd5+ 45. Ke1 Bd3 46. Qh6+ Kc7 47. Qg7+ Kc6 48. Qf6+ Kd7 49. bxc4 Rxc4 50. Qg7+ Kc6 51. Qf6+ Kd7 52. Qg7+ Kc6 53. Qf6+ Kd7 1/2-1/2

[Event "Tambov Pavlyutin Memorial 6th"]
[Site "Tambov"]
[Date "2016.06.03"]
[Round "6"]
[White "Shcherbakov, Nikolay"]
[Black "Agapov, Yury N"]
[Result "0-1"]
[WhiteElo "1892"]
[BlackElo "1967"]
[PlyCount "98"]
[EventDate "2016.06.01"]
[EventType "tourn"]
[EventRounds "9"]
[EventCountry "RUS"]
[SourceTitle "CBM 172 Extra"]
[Source "ChessBase"]
[SourceDate "2016.06.21"]
[SourceVersion "1"]
[SourceVersionDate "2016.06.21"]
[SourceQuality "1"]

1. Nf3 Nf6 2. d4 e6 3. c4 d5 4. Nc3 c6 5. e3 Nbd7 6. cxd5 exd5 7. Be2 Bd6 8. Qc2 0-0 9. 0-0 Re8 10. Bd3 Nf8 11. h3 Qe7 12. Nd2 Bc7 13. e4 dxe4 14. Ndxe4 Nxe4 15. Nxe4 Be6 16. Bg5 f6 17. Be3 Bd5 18. Nc3 Qd6 19. g3 Rxe3 20. Nxd5 cxd5 21. fxe3 Qxg3+ 22. Qg2 Qxe3+ 23. Kh1 Qxd3 24. Qxd5+ Kh8 25. Qg2 Ng6 26. Rad1 Qb5 27. a4 Qd7 28. b3 Rf8 29. b4 Qd6 30. Rf2 Nf4 31. Qg4 f5 32. Qh4 Qd5+ 33. Kg1 g5 34. Qh6 Qd6 35. Qxd6 Bxd6 36. Rf3 Bxb4 37. d5 Rd8 38. Kf1 b6 39. h4 h6 40. hxg5 hxg5 41. Re3 Kg7 42. Rg3 Kf6 43. Kf2 Bc5+ 44. Kf1 a5 45. Rb3 Rh8 46. Ke1 Rh1+ 47. Kd2 Rxd1+ 48. Kxd1 Nxd5 49. Ke2 g4 0-1

[Event "Tambov Pavlyutin Memorial 6th"]
[Site "Tambov"]
[Date "2016.06.01"]
[Round "1"]
[White "Lomakina, Galja"]
[Black "Agapov, Yury N"]
[Result "1-0"]
[WhiteElo "2095"]
[BlackElo "1967"]
[PlyCount "49"]
[EventDate "2016.06.01"]
[EventType "tourn"]
[EventRounds "9"]
[EventCountry "RUS"]
[SourceTitle "CBM 172 Extra"]
[Source "ChessBase"]
[SourceDate "2016.06.21"]
[SourceVersion "1"]
[SourceVersionDate "2016.06.21"]
[SourceQuality "1"]

1. Nf3 Nf6 2. g3 c5 3. Bg2 Nc6 4. 0-0 g6 5. d3 Bg7 6. c4 0-0 7. Nc3 d6 8. Rb1 h6 9. a3 a5 10. Bd2 e6 11. Ne1 d5 12. b3 Re8 13. Nc2 Kh7 14. Nb5 d4 15. b4 axb4 16. axb4 cxb4 17. Nxb4 Qd7 18. Qc2 Bf8 19. Qb2 Rd8 20. Nxc6 bxc6 21. Nxd4 Ra6 22. Nxc6 Rxc6 23. Bxc6 Qxc6 24. Qxf6 Rd7 25. Bc3 1-0

[Event "Tambov Pavlyutin Memorial 4th"]
[Site "Tambov"]
[Date "2014.05.24"]
[Round "8"]
[White "Agapov, Yury N"]
[Black "Larin, Vladimir P"]
[Result "0-1"]
[WhiteElo "2006"]
[BlackElo "2111"]
[PlyCount "80"]
[EventDate "2014.05.21"]
[EventType "tourn"]
[EventRounds "9"]
[EventCountry "RUS"]
[SourceTitle "CBM 160 Extra"]
[Source "ChessBase"]
[SourceDate "2014.07.01"]
[SourceVersion "1"]
[SourceVersionDate "2014.07.01"]
[SourceQuality "1"]

1. d4 Nf6 2. Nf3 g6 3. g3 Bg7 4. Bg2 0-0 5. c4 d6 6. Nc3 Nc6 7. 0-0 Re8 8. d5 Nb8 9. h3 a5 10. e4 Na6 11. Re1 Nc5 12. Qc2 e5 13. Be3 Nh5 14. Nh4 Nf4 15. Kh2 Nxg2 16. Nxg2 f5 17. exf5 Bxf5 18. Qd2 b6 19. Bg5 Bf6 20. Bxf6 Qxf6 21. f4 exf4 22. Nxf4 g5 23. Nh5 Qg6 24. g4 Bd3 25. Re3 Re5 26. Rxe5 dxe5 27. Re1 e4 28. b3 Rf8 29. Ng3 Rf4 30. Nf5 Qf6 31. Ne2 Bxe2 32. Rxe2 Qe5 33. Kg2 h5 34. Qb2 Qxb2 35. Rxb2 hxg4 36. Nh6+ Kg7 37. Nxg4 Nd3 38. Re2 Kg6 39. Kg3 Rf3+ 40. Kg2 Nf4+ 0-1

[Event "Tambov Pavlyutin Memorial 4th"]
[Site "Tambov"]
[Date "2014.05.21"]
[Round "1"]
[White "Agapov, Yury N"]
[Black "Suvorov, Alexander"]
[Result "1/2-1/2"]
[WhiteElo "2006"]
[BlackElo "2027"]
[PlyCount "62"]
[EventDate "2014.05.21"]
[EventType "tourn"]
[EventRounds "9"]
[EventCountry "RUS"]
[SourceTitle "CBM 160 Extra"]
[Source "ChessBase"]
[SourceDate "2014.07.01"]
[SourceVersion "1"]
[SourceVersionDate "2014.07.01"]
[SourceQuality "1"]

1. d4 d5 2. Nf3 Bf5 3. c4 dxc4 4. Nc3 Nf6 5. e3 e6 6. Bxc4 Be7 7. Qe2 0-0 8. 0-0 c5 9. Rd1 Qc8 10. e4 Bg4 11. e5 Nfd7 12. d5 exd5 13. Nxd5 Re8 14. Qe4 Nf8 15. Nxe7+ Rxe7 16. Bg5 Re8 17. Bf4 Nc6 18. Ng5 Be6 19. Bxe6 fxe6 20. Rac1 Ne7 21. b4 b6 22. bxc5 bxc5 23. Rd6 Nf5 24. Rc6 Qd7 25. R6xc5 Rac8 26. h3 h6 27. Nf3 Rxc5 28. Rxc5 Rc8 29. Qc2 Rxc5 30. Qxc5 Qa4 31. Bd2 Qxa2 1/2-1/2

[Event "Tambov Pavlyutin Memorial 4th"]
[Site "Tambov"]
[Date "2014.05.21"]
[Round "2"]
[White "Shvadchenko, Grigory F"]
[Black "Agapov, Yury N"]
[Result "1/2-1/2"]
[WhiteElo "1927"]
[BlackElo "2006"]
[PlyCount "45"]
[EventDate "2014.05.21"]
[EventType "tourn"]
[EventRounds "9"]
[EventCountry "RUS"]
[SourceTitle "CBM 160 Extra"]
[Source "ChessBase"]
[SourceDate "2014.07.01"]
[SourceVersion "1"]
[SourceVersionDate "2014.07.01"]
[SourceQuality "1"]

1. e4 e5 2. f4 exf4 3. Nf3 g5 4. h4 g4 5. Ne5 Qe7 6. d4 d6 7. Nxg4 Qxe4+ 8. Qe2 Qxe2+ 9. Bxe2 h5 10. Nf2 Nc6 11. c3 Nge7 12. Bxf4 Bf5 13. Na3 Ng6 14. Bg5 Be7 15. Nc4 f6 16. Bd2 Be6 17. Ne3 f5 18. d5 f4 19. dxe6 fxe3 20. Bxe3 Nxh4 21. g3 Ng2+ 22. Kd2 Nxe3 23. Kxe3 1/2-1/2

[Event "Tambov Korensky Memorial 22nd"]
[Site "Tambov"]
[Date "2013.08.23"]
[Round "7"]
[White "Agapov, Yury N"]
[Black "Shcherbashin, Roman"]
[Result "1-0"]
[WhiteElo "1996"]
[BlackElo "1893"]
[PlyCount "153"]
[EventDate "2013.08.17"]
[EventType "swiss"]
[EventRounds "9"]
[EventCountry "RUS"]
[SourceTitle "CBM 156 Extra"]
[Source "ChessBase"]
[SourceDate "2013.10.22"]
[SourceVersion "1"]
[SourceVersionDate "2013.10.22"]
[SourceQuality "1"]

1. d4 d5 2. c4 c6 3. Nf3 Nf6 4. Nc3 e6 5. Bg5 Be7 6. e3 Nbd7 7. Bd3 dxc4 8. Bxc4 b5 9. Bd3 a6 10. 0-0 0-0 11. Rc1 c5 12. Ne4 c4 13. Bb1 Bb7 14. Nxf6+ Bxf6 15. Qc2 g6 16. Bh6 Bg7 17. Bxg7 Kxg7 18. b3 cxb3 19. Qxb3 Bd5 20. Qb2 Nb6 21. e4 Na4 22. Qd2 Bb7 23. Rfd1 Qd6 24. h3 Rac8 25. Nh2 h5 26. g4 hxg4 27. Nxg4 Rh8 28. Rxc8 Bxc8 29. Qg5 Rh5 30. Qf6+ Kg8 31. Ne5 Qc7 32. Kg2 Nc3 33. Re1 Bb7 34. a3 Nxb1 35. Rc1 Bxe4+ 36. Kh2 Rf5 37. Qxf5 Bxf5 38. Rxc7 Nxa3 39. Rxf7 Nc2 40. Ra7 b4 41. Rxa6 b3 42. Rb6 Nxd4 43. Kg3 Kg7 44. Kf4 Ne2+ 45. Kg5 Nc3 46. Rb7+ Kg8 47. Rxb3 Ne4+ 48. Kh6 Kf8 49. Nxg6+ Kf7 50. Ne5+ Ke7 51. f4 Nf2 52. h4 Nh3 53. Rb4 Kf6 54. Nd7+ Ke7 55. Rd4 Kf7 56. Ne5+ Kf6 57. Nc4 Nf2 58. Ne3 Bb1 59. Rb4 Bd3 60. Rb6 Be4 61. Rb4 Bd3 62. Rb8 Nh3 63. Rb4 Nf2 64. h5 Be4 65. Rb5 Bd3 66. Rg5 Kf7 67. Rg7+ Kf8 68. Rd7 Bb5 69. Rb7 Bd3 70. Kg5 Ne4+ 71. Kh4 Nf6 72. Ng4 Nh7 73. Ra7 Bf5 74. Ne5 Kg8 75. h6 Nf6 76. Nf3 Nd5 77. Ng5 1-0

[Event "Tambov Korensky Memorial 22nd"]
[Site "Tambov"]
[Date "2013.08.22"]
[Round "6"]
[White "Skomorokhov, Kirill"]
[Black "Agapov, Yury N"]
[Result "1-0"]
[WhiteElo "1837"]
[BlackElo "1996"]
[PlyCount "73"]
[EventDate "2013.08.17"]
[EventType "swiss"]
[EventRounds "9"]
[EventCountry "RUS"]
[SourceTitle "CBM 156 Extra"]
[Source "ChessBase"]
[SourceDate "2013.10.22"]
[SourceVersion "1"]
[SourceVersionDate "2013.10.22"]
[SourceQuality "1"]

1. e4 g6 2. d4 Bg7 3. Nc3 d6 4. g3 c6 5. a4 Nd7 6. Bg2 e5 7. Nge2 Ne7 8. 0-0 0-0 9. Bg5 h6 10. Be3 Nb6 11. b3 Bg4 12. Qd2 Kh7 13. f4 f5 14. h3 Bxe2 15. Nxe2 fxe4 16. Bxe4 d5 17. Bg2 e4 18. g4 Nbc8 19. c4 Nd6 20. c5 Ne8 21. Ng3 Qd7 22. Rf2 b6 23. b4 bxc5 24. bxc5 Nf6 25. Raf1 Rab8 26. Qe2 Rb3 27. g5 Nfg8 28. h4 Nf5 29. Nxf5 gxf5 30. Bh3 Rfb8 31. Rg2 Rd3 32. Qh5 Kh8 33. gxh6 Nxh6 34. Rg6 Rxe3 35. Bxf5 Qe7 36. Rxh6+ Kg8 37. Be6+ 1-0

[Event "Tambov Korensky Memorial 22nd"]
[Site "Tambov"]
[Date "2013.08.19"]
[Round "3"]
[White "Larin, Vladimir P"]
[Black "Agapov, Yury N"]
[Result "1-0"]
[WhiteElo "2126"]
[BlackElo "1996"]
[PlyCount "43"]
[EventDate "2013.08.17"]
[EventType "swiss"]
[EventRounds "9"]
[EventCountry "RUS"]
[SourceTitle "CBM 156 Extra"]
[Source "ChessBase"]
[SourceDate "2013.10.22"]
[SourceVersion "1"]
[SourceVersionDate "2013.10.22"]
[SourceQuality "1"]

1. e4 c6 2. d4 d5 3. e5 Bf5 4. Nf3 e6 5. Be2 Ne7 6. 0-0 c5 7. Be3 cxd4 8. Nxd4 Bg6 9. f4 h5 10. Nd2 a6 11. N2f3 Nbc6 12. c3 Nxd4 13. Nxd4 Nf5 14. Qa4+ Ke7 15. Nxf5+ exf5 16. Qb4+ Ke8 17. Qxb7 Be7 18. Rfd1 Rb8 19. Qc6+ Kf8 20. Rxd5 Qe8 21. Qxe8+ Kxe8 22. b4 1-0

[Event "Tambov Korensky Memorial 21st"]
[Site "Tambov"]
[Date "2012.08.26"]
[Round "9"]
[White "Sviridova, Olga Borisovna"]
[Black "Agapov, Yury N"]
[Result "1/2-1/2"]
[WhiteElo "1993"]
[BlackElo "2021"]
[PlyCount "54"]
[EventDate "2012.08.18"]
[EventType "swiss"]
[EventRounds "9"]
[EventCountry "RUS"]
[SourceTitle "CBM 150 Extra"]
[Source "ChessBase"]
[SourceDate "2012.10.19"]
[SourceVersion "1"]
[SourceVersionDate "2012.10.19"]
[SourceQuality "1"]

1. e4 c5 2. Nf3 e6 3. d4 cxd4 4. Nxd4 a6 5. c4 Nc6 6. Nc3 d6 7. Be2 Nf6 8. Bf3 Qb6 9. Nb3 Be7 10. Be3 Qc7 11. Rc1 Ne5 12. Be2 Bd7 13. f4 Nxc4 14. Bxc4 Qxc4 15. Nd4 Rc8 16. a3 Bd8 17. Ncb5 Ba5+ 18. b4 Bxb4+ 19. axb4 Qxb4+ 20. Bd2 Rxc1 21. Qxc1 Qc5 22. Qxc5 dxc5 23. Nd6+ Ke7 24. Nxb7 cxd4 25. Bb4+ Ke8 26. Nd6+ Kf8 27. Nf5+ Kg8 1/2-1/2

[Event "Tambov Korensky Memorial 21st"]
[Site "Tambov"]
[Date "2012.08.25"]
[Round "8"]
[White "Agapov, Yury N"]
[Black "Skomorokhov, Kirill"]
[Result "1/2-1/2"]
[WhiteElo "2021"]
[BlackElo "1792"]
[PlyCount "93"]
[EventDate "2012.08.18"]
[EventType "swiss"]
[EventRounds "9"]
[EventCountry "RUS"]
[SourceTitle "CBM 150 Extra"]
[Source "ChessBase"]
[SourceDate "2012.10.19"]
[SourceVersion "1"]
[SourceVersionDate "2012.10.19"]
[SourceQuality "1"]

1. d4 Nf6 2. c4 c5 3. Nf3 cxd4 4. Nxd4 Nc6 5. Nb5 a6 6. N5a3 d5 7. cxd5 Nxd5 8. e4 Nf6 9. Qxd8+ Kxd8 10. f3 e5 11. Nc4 b5 12. Nb6 Rb8 13. Be3 Nd4 14. Bxd4 exd4 15. Nxc8 Rxc8 16. Kd1 Bc5 17. Nd2 Ke7 18. a4 Rhd8 19. axb5 axb5 20. Nb3 Nd7 21. Ra5 Rb8 22. Bd3 Bb4 23. Rxb5 Rxb5 24. Bxb5 Ne5 25. f4 Ng4 26. Ke2 d3+ 27. Kf3 d2 28. Be2 Nf6 29. g4 g5 30. fxg5 Nd7 31. h4 Ne5+ 32. Ke3 Nc4+ 33. Bxc4 d1Q 34. Rxd1 Rxd1 35. Bd3 Rh1 36. h5 Rh3+ 37. Kd4 Bd6 38. Nd2 Bf4 39. Nc4 Bxg5 40. e5 h6 41. b4 Rg3 42. Bf5 Rb3 43. Kc5 Be3+ 44. Nxe3 Rxe3 45. Kd5 Rb3 46. Kc5 Re3 47. Kd5 1/2-1/2

[Event "Tambov Korensky Memorial 21st"]
[Site "Tambov"]
[Date "2012.08.22"]
[Round "5"]
[White "Shcherbakov, Nikolay"]
[Black "Agapov, Yury N"]
[Result "1-0"]
[WhiteElo "1808"]
[BlackElo "2021"]
[PlyCount "91"]
[EventDate "2012.08.18"]
[EventType "swiss"]
[EventRounds "9"]
[EventCountry "RUS"]
[SourceTitle "CBM 150 Extra"]
[Source "ChessBase"]
[SourceDate "2012.10.19"]
[SourceVersion "1"]
[SourceVersionDate "2012.10.19"]
[SourceQuality "1"]

1. d4 Nf6 2. Nf3 d5 3. Nc3 e6 4. Bg5 c5 5. e3 a6 6. a4 Nbd7 7. Be2 h6 8. Bh4 b6 9. 0-0 Qc7 10. Bg3 Bd6 11. Bxd6 Qxd6 12. b3 Bb7 13. Qc1 Rc8 14. Qa3 Qc7 15. Na2 0-0 16. Rac1 e5 17. dxe5 Nxe5 18. Nxe5 Qxe5 19. Bf3 Ne4 20. Rcd1 Ng5 21. Be2 d4 22. Qc1 Ne6 23. Rfe1 Qg5 24. e4 Nf4 25. Bf3 Rfe8 26. g3 Nh3+ 27. Kg2 Qxc1 28. Nxc1 Ng5 29. Bg4 Bxe4+ 30. Rxe4 Rxe4 31. Bxc8 a5 32. Ba6 Kf8 33. Bc4 Re7 34. h4 Ne4 35. Re1 Nd6 36. Rxe7 Kxe7 37. Bd3 f5 38. Ne2 g5 39. hxg5 hxg5 40. f3 Kf6 41. g4 f4 42. Ng1 Nf7 43. Nh3 Ne5 44. Nf2 Kg7 45. Ne4 Kh6 46. Nd6 1-0

[Event "Tambov Pavlyutin Memorial 2nd"]
[Site "Tambov"]
[Date "2012.05.18"]
[Round "6"]
[White "Uryupin, Igor Nikolaevich"]
[Black "Agapov, Yury N"]
[Result "1-0"]
[WhiteElo "2261"]
[BlackElo "1964"]
[PlyCount "53"]
[EventDate "2012.05.15"]
[EventType "tourn"]
[EventRounds "9"]
[EventCountry "RUS"]
[SourceTitle "EXT 2014"]
[Source "ChessBase"]
[SourceDate "2013.11.20"]
[SourceVersion "1"]
[SourceVersionDate "2013.11.20"]
[SourceQuality "1"]

1. c4 Nf6 2. g3 e6 3. Nf3 d5 4. Bg2 Nc6 5. 0-0 dxc4 6. Qa4 Nd5 7. Qxc4 Bd7 8. d4 Be7 9. e4 b5 10. Qe2 Nb6 11. Nc3 b4 12. d5 bxc3 13. dxc6 Bxc6 14. Rd1 Qc8 15. Nd4 Ba4 16. b3 Bd7 17. e5 c6 18. Qg4 Kf8 19. Bg5 f6 20. exf6 Bxf6 21. Bxf6 gxf6 22. Bxc6 Bxc6 23. Nxe6+ Kf7 24. Qg7+ Kxe6 25. Re1+ Kd5 26. Qe7 c2 27. Red1+ 1-0

[Event "Tambov Pavlyutin Memorial 2nd"]
[Site "Tambov"]
[Date "2012.05.17"]
[Round "5"]
[White "Agapov, Yury N"]
[Black "Lomakina, Galja"]
[Result "0-1"]
[WhiteElo "1964"]
[BlackElo "2060"]
[PlyCount "82"]
[EventDate "2012.05.15"]
[EventType "tourn"]
[EventRounds "9"]
[EventCountry "RUS"]
[SourceTitle "EXT 2014"]
[Source "ChessBase"]
[SourceDate "2013.11.20"]
[SourceVersion "1"]
[SourceVersionDate "2013.11.20"]
[SourceQuality "1"]

1. e4 g6 2. d4 Bg7 3. c4 d6 4. Nc3 Nf6 5. Nf3 0-0 6. Be2 c5 7. 0-0 Na6 8. d5 Nc7 9. Ne1 a6 10. a4 b6 11. f4 Rb8 12. g4 Bd7 13. g5 Nfe8 14. Ra3 b5 15. axb5 axb5 16. cxb5 Nxb5 17. Nxb5 Bxb5 18. Nf3 Nc7 19. Kg2 Rb6 20. Rf2 Qb8 21. e5 Qb7 22. Bxb5 Rxb5 23. Rd3 c4 24. Rd4 Rxd5 25. Rfd2 Rxd4 26. Rxd4 dxe5 27. fxe5 Bxe5 28. Rxc4 Ne6 29. Qc2 Nd4 30. Qd3 Nxf3 31. Qxf3 Qxf3+ 32. Kxf3 Bxh2 33. b4 f6 34. Ke4 fxg5 35. Bxg5 Rf5 36. Rc5 Rf1 37. Kd5 Bd6 38. Rb5 Rb1 39. Kc4 Kf7 40. Rb7 h5 41. b5 h4 0-1

[Event "Tambov Pavlyutin Memorial 2nd"]
[Site "Tambov"]
[Date "2012.05.16"]
[Round "3"]
[White "Agapov, Yury N"]
[Black "Dikov, Alexander I"]
[Result "1-0"]
[WhiteElo "1964"]
[BlackElo "1910"]
[PlyCount "117"]
[EventDate "2012.05.15"]
[EventType "tourn"]
[EventRounds "9"]
[EventCountry "RUS"]
[SourceTitle "EXT 2014"]
[Source "ChessBase"]
[SourceDate "2013.11.20"]
[SourceVersion "1"]
[SourceVersionDate "2013.11.20"]
[SourceQuality "1"]

1. d4 Nf6 2. c4 e6 3. Nf3 b6 4. Nc3 Bb7 5. Bg5 h6 6. Bh4 Bb4 7. Rc1 g5 8. Bg3 Ne4 9. e3 Bxc3+ 10. bxc3 d6 11. d5 e5 12. Qc2 Nxg3 13. hxg3 Qf6 14. Nd2 Nd7 15. Ne4 Qg6 16. g4 Nc5 17. Nxc5 Qxc2 18. Rxc2 dxc5 19. Bd3 Rd8 20. f3 Ke7 21. g3 c6 22. e4 Rd6 23. Rh5 Rf6 24. Ke2 Rg8 25. Ke3 Rgg6 26. a4 Ba6 27. Rb2 Rg8 28. Rh1 cxd5 29. exd5 Rd8 30. Ke4 Kd6 31. a5 Kc7 32. Be2 Re8 33. axb6+ axb6 34. Ra1 Bb7 35. Bd3 Rd6 36. Ke3 Kb8 37. Rh1 Kc7 38. Rbh2 b5 39. Rxh6 Red8 40. Rxd6 Rxd6 41. Rh7 bxc4 42. Rxf7+ Rd7 43. Rxd7+ Kxd7 44. Bxc4 Kd6 45. Ke4 Bc8 46. Bd3 Bd7 47. c4 Bc8 48. Ke3 Ke7 49. Bf5 Ba6 50. Bd3 Kf7 51. f4 exf4+ 52. gxf4 Kf6 53. Be2 Bc8 54. fxg5+ Kxg5 55. Ke4 Kf6 56. g5+ Kxg5 57. Ke5 Bf5 58. Kd6 Kf4 59. Kxc5 1-0

[Event "Tambov Korensky Memorial 20th"]
[Site "Tambov"]
[Date "2011.08.25"]
[Round "6"]
[White "Agapov, Yury N"]
[Black "Suvorov, Aleksandr2222"]
[Result "1-0"]
[WhiteElo "2022"]
[BlackElo "2093"]
[PlyCount "149"]
[EventDate "2011.08.20"]
[EventType "swiss"]
[EventRounds "9"]
[EventCountry "RUS"]
[SourceTitle "CBM 144 Extra"]
[Source "ChessBase"]
[SourceDate "2011.10.28"]
[SourceVersion "1"]
[SourceVersionDate "2011.10.28"]
[SourceQuality "1"]

1. e4 c5 2. Nf3 g6 3. c3 d6 4. d4 cxd4 5. cxd4 Bg7 6. Nc3 Nc6 7. Be3 Bd7 8. Rc1 a6 9. Bc4 b5 10. Bb3 Nf6 11. e5 Ng4 12. exd6 Nxe3 13. fxe3 exd6 14. 0-0 0-0 15. Qd2 Rc8 16. Ne4 Na5 17. Bd5 Bc6 18. Bxc6 Rxc6 19. b3 Bh6 20. Nf2 Rxc1 21. Qxc1 Qe7 22. Qc3 Nb7 23. h3 Bg7 24. Rc1 Nc5 25. Qc2 Ne6 26. Qc6 Qa7 27. Qxd6 Rd8 28. Qc6 Bf8 29. Ne4 Be7 30. h4 Rd7 31. Neg5 Rc7 32. Qe8+ Bf8 33. Rxc7 Qxc7 34. Nxe6 Qc1+ 35. Kh2 fxe6 36. Qxe6+ Kg7 37. Ng5 Qc7+ 38. Kh3 h6 39. Ne4 Qd8 40. g4 Be7 41. h5 gxh5 42. gxh5 Qf8 43. Ng3 Bg5 44. d5 Qf3 45. e4 Bf4 46. Qg6+ Kf8 47. Qg4 Qe3 48. Kg2 Ke8 49. Qf3 Qd2+ 50. Qe2 Qc3 51. Nf5 Qf6 52. Qf3 Qg5+ 53. Kh3 Be5 54. Qg4 Bf6 55. Qxg5 Bxg5 56. Kg4 Bd2 57. Nd4 Ke7 58. Kf5 Kd6 59. Ne6 Bc3 60. Nd8 Ke7 61. Ne6 Kd6 62. Nf4 Be5 63. Ne2 Bg7 64. Kg6 Bf8 65. Kf7 Be7 66. e5+ Kxd5 67. Kxe7 Kxe5 68. Kf7 Kf5 69. Kg7 Kg5 70. Ng3 a5 71. a3 a4 72. b4 Kg4 73. Kxh6 Kxg3 74. Kg6 Kf4 75. h6 1-0

[Event "Tambov Korensky Memorial 20th"]
[Site "Tambov"]
[Date "2011.08.24"]
[Round "5"]
[White "Agapov, Yury N"]
[Black "Uimenov, Vladimir"]
[Result "1-0"]
[WhiteElo "2022"]
[BlackElo "2003"]
[PlyCount "37"]
[EventDate "2011.08.20"]
[EventType "swiss"]
[EventRounds "9"]
[EventCountry "RUS"]
[SourceTitle "CBM 144 Extra"]
[Source "ChessBase"]
[SourceDate "2011.10.28"]
[SourceVersion "1"]
[SourceVersionDate "2011.10.28"]
[SourceQuality "1"]

1. d4 e6 2. Nf3 Nf6 3. c4 b6 4. g3 Bb7 5. Bg2 c5 6. e3 Be7 7. Nc3 a6 8. 0-0 cxd4 9. exd4 d5 10. Ne5 0-0 11. Bf4 Nbd7 12. Rc1 Rc8 13. g4 h6 14. Bg3 Re8 15. f4 Nxe5 16. dxe5 Ne4 17. Nxe4 dxe4 18. Qe2 Qd3 19. Qxd3 1-0